טוען...
Singapore udyanangalude nagaram /
| מחבר ראשי: | |
|---|---|
| פורמט: | Printed Book |
| שפה: | Malayalam |
| יצא לאור: |
Kozhikode :
Olive publications ,
2006.
|
| LEADER | 00530nam a2200145Ia 4500 | ||
|---|---|---|---|
| 008 | 150624b xxu||||| |||| 00| | mal d | ||
| 082 | |a 915.95704 | ||
| 100 | |a Yunnus Kunju M. | ||
| 245 | |c Yunnus Kunju M. |a Singapore udyanangalude nagaram / | ||
| 260 | |a Kozhikode : |b Olive publications , |c 2006. | ||
| 300 | |a 106 p. | ||
| 546 | |a In Malayalam. | ||
| 942 | |c BK | ||
| 999 | |c 85300 |d 85300 | ||
| 952 | |0 0 |1 0 |4 0 |6 915_957040000000000_YUN_S |7 0 |9 85244 |a UL |b UL |c ST1 |d 2006-11-30 |e OLI |l 4 |o 915.95704 YUN/S |p 80700 |r 2016-04-29 |s 2016-04-27 |v 60.00 |w 2012-10-27 |y BK | ||